| 000 | 01168nam a22003617a 4500 | ||
|---|---|---|---|
| 003 | CHAP | ||
| 005 | 20220329143644.0 | ||
| 008 | 101122s2010 mx a r 00010 spa d | ||
| 010 | _a99895 | ||
| 011 | _a100867 | ||
| 020 | _a9786071201119 | ||
| 035 | _a111553 | ||
| 040 | _cCHAP | ||
| 082 | 1 | 4 |
_a628.1 _bJ56 |
| 100 | 0 | 0 |
_aJiménez Merino, Alberto. _961593 |
| 245 | 1 | 0 |
_aAgua para el desarrollo económico y social : _bmás agua siempre para todos _c/por Francisco Alberto Jiménez Merino |
| 260 |
_aChapingo, Mex. : _bUACH, _c2010 |
||
| 300 |
_a374 p. : _bilus. |
||
| 590 |
_aBATCH-UPD _b10 _c20130110 _lUCH01 _h1317 |
||
| 590 |
_aBATCH-UPD _b10 _c20130410 _lUCH01 _h0828 |
||
| 590 |
_aBATCH-UPD _b10 _c20130914 _lUCH01 _h0307 |
||
| 590 |
_aCONVERSION _b10 _c20130109 _lUCH01 _h1355 |
||
| 650 | 1 | 4 |
_aAgua dulce. _92422 |
| 650 | 1 | 4 |
_aAgua _xAbastecimiento. _92223 |
| 650 | 1 | 4 |
_aAgua _xAprovechamiento. _92282 |
| 650 | 1 | 4 |
_aAgua _xConservacion. _92319 |
| 650 | 1 | 4 |
_aAgua _xContaminación. _92351 |
| 650 | 1 | 4 |
_aAgua _xDistribucion. _92366 |
| 901 | _aBK | ||
| 911 | _aen proceso | ||
| 942 | _cLIBRO | ||
| 949 |
_a628.1 J56 _bBC _cUACH _d33724002225272 _eUACH _h113844 _i111553 _sb |
||
| 999 |
_c99895 _d99895 |
||